000
00183 a2200097 4500
020
_a
9781455521258
041
_a
eng
100
_a
Baldacci, David
245
_a
The escape
942
_c
BK
999
_c
14866
_d
14866